Técnica del tratamiento de las fracturas / (Record no. 33790)

MARC details
000 -LEADER
campo de control de longitud fija 00763nam a2200205 i 4500
001 - NÚMERO DE CONTROL
campo de control 33790
003 - IDENTIFICADOR DE NÚMERO DE CONTROL
campo de control ES-MaACL
005 - FECHA Y HORA DE LA ÚLTIMA TRANSACCIÓN
campo de control 20230906154824.0
007 - CAMPO FIJO DE DESCRIPCIÓN FÍSICA--INFORMACIÓN GENERAL
campo de control de longitud fija t|
008 - DATOS DE LONGITUD FIJA--INFORMACIÓN GENERAL
campo de control de longitud fija 030203s1934 sp ||||1| spa d
100 1# - ENTRADA PRINCIPAL--NOMBRE DE PERSONA
Nombre de persona Boehler, Lorenz.
9 (RLIN) 29730
245 10 - MENCIÓN DEL TÍTULO
Título Técnica del tratamiento de las fracturas /
Mención de responsabilidad, etc. por Lorenz Böhler ; traducción de la cuarta edición alemana por F. Jimeno Vidal ; con un prólogo de Joaquín Trias Pujol.
260 ## - PUBLICACIÓN, DISTRIBUCIÓN, ETC.
Lugar de publicación, distribución, etc. Barcelona, etc. :
Nombre del editor, distribuidor, etc. Labor,
Fecha de publicación, distribución, etc. 1934 (
Fabricante Talls. Gráfs. Iberoamericanos)
300 ## - DESCRIPCIÓN FÍSICA
Extensión XXIII, 768 p., 7 lám. :
Otras características físicas il. ;
Dimensiones 25 cm.
650 04 - PUNTO DE ACCESO ADICIONAL DE MATERIA--TÉRMINO DE MATERIA
Término de materia o nombre geográfico como elemento de entrada Fracturas óseas-
Subdivisión general Tratamiento.
9 (RLIN) 12976
700 1# - ENTRADA AGREGADA--NOMBRE PERSONAL
Nombre de persona Jimeno Vidal, F.
9 (RLIN) 66660
700 1# - ENTRADA AGREGADA--NOMBRE PERSONAL
Nombre de persona Trias Pujol, Joaquín.
9 (RLIN) 199664
852 ## - LOCALIZACIÓN
Ubicación ES-MaACL
Número de control de estantería E-1050
Holdings
Estatus retirado Estado de pérdida Estado de daño No para préstamo Biblioteca de origen Biblioteca actual Ubicación en estantería Fecha de adquisición Fuente de adquisición Total de préstamos Signatura topográfica completa Código de barras Visto por última vez Precio de reemplazo Tipo de ítem Koha
        Biblioteca del Ateneo de Madrid Biblioteca del Ateneo de Madrid Depósito 2 17/01/2008     E-1050 1035172 23/02/2023 23/02/2023 Libro impreso